00964nam a2200241 a 450000100100000000500170001000800410002704000250006808200200009310000350011324500550014826000570020330000200026049000250028059000260030565000280033165000310035983000340039091000390042495201180046395201240058199900170070500001205320240412074229.0091104s1987 dr 000 0 spa d aDO-SdBNPbspacBNPHU aRD861.44bG633s1 aGómez, Miguel Ángel92356010aSinfonías de quereres /cMiguel Ángel Gómez. aLa Romana, República Dominicana :bVagón,c1987. a30 p. ;c14 cm.1 aEditorial Vagónv9 aInventariado, 2018/LP 0aPoesía dominicana966 0aLiteratura dominicana.967 0aEditorial Vagón ;n9928496 aValidado. Control de calidad BNPHU 0010718PDaPDbPDcHDd2009-11-04iLF1l0oRD861.44 G633sp12053-10r2020-06-25w2020-06-25yLFPDZNo se presta 0010718PDaPDbPDcHDd2009-11-04iLF1l0oRD861.44 G633sp12053-20r2020-06-25te. 2w2020-06-25yLFPDZNo se presta c11721d11721